[Event "Cappelle Online Blitz op"]
[Site "Europe Echecs INT"]
[Date "2022.01.09"]
[Round "7"]
[White "Couche, Didier"]
[Black "Vilela de Acuna, Jose Luis"]
[Result "0-1"]
[WhiteElo "1947"]
[BlackElo "2329"]
[PlyCount "48"]
[EventDate "2022.01.09"]
[EventType "swiss (blitz)"]
[EventRounds "11"]
[EventCountry "FRA"]
[SourceTitle "EXT 2023"]
[Source "ChessBase"]
[SourceDate "2022.10.05"]
[SourceVersion "1"]
[SourceVersionDate "2022.10.05"]
[SourceQuality "1"]

1. d4 Nf6 2. c4 e6 3. Nf3 Bb4+ 4. Bd2 a5 5. g3 d5 6. Bg2 Nc6 7. c5 b6 8. cxb6 cxb6 9. 0-0 0-0 10. Nc3 Ba6 11. Rc1 Rc8 12. Re1 Ne4 13. a3 Bxc3 14. Bxc3 b5 15. b3 Nxc3 16. Rxc3 b4 17. axb4 Nxb4 18. Qd2 Rxc3 19. Qxc3 Qb6 20. e3 Rc8 21. Qa1 Nc2 22. Qb2 Nxe1 23. Nxe1 Qb4 24. Nf3 a4 0-1

[Event "Cappelle Online Blitz op"]
[Site "Europe Echecs INT"]
[Date "2022.01.09"]
[Round "6"]
[White "Tomasi, Elise"]
[Black "Vilela de Acuna, Jose Luis"]
[Result "1/2-1/2"]
[WhiteElo "1988"]
[BlackElo "2329"]
[PlyCount "125"]
[EventDate "2022.01.09"]
[EventType "swiss (blitz)"]
[EventRounds "11"]
[EventCountry "FRA"]
[SourceTitle "EXT 2023"]
[Source "ChessBase"]
[SourceDate "2022.10.05"]
[SourceVersion "1"]
[SourceVersionDate "2022.10.05"]
[SourceQuality "1"]

1. d4 Nf6 2. Nf3 e6 3. g3 b5 4. Bg2 Bb7 5. 0-0 Be7 6. c3 0-0 7. a4 b4 8. cxb4 Bxb4 9. Qb3 Na6 10. Bd2 Bd5 11. Qd3 Qc8 12. Nc3 Rb8 13. Nb5 Bxd2 14. Qxd2 Qb7 15. Rab1 c6 16. Nc3 Qb4 17. Rfe1 Bxf3 18. Bxf3 d5 19. Bg2 c5 20. dxc5 Nxc5 21. Qg5 h6 22. Qe5 Ncd7 23. Qc7 Rfc8 24. Qxa7 Rb7 25. Qa6 Nc5 26. Qd6 Rcb8 27. h4 Nxa4 28. Qxb4 Rxb4 29. Nxa4 Rxa4 30. e3 Rab4 31. Re2 Nd7 32. Kf1 Ne5 33. Rc2 Nc4 34. Ke2 Rxb2 35. Rcxb2 Rxb2+ 36. Rxb2 Nxb2 37. e4 d4 38. e5 f6 39. exf6 gxf6 40. Bh3 Kf7 41. Kd2 Ke7 42. Kc2 Nc4 43. Kd3 Ne5+ 44. Kxd4 Kd6 45. f4 Nc6+ 46. Ke4 f5+ 47. Bxf5 exf5+ 48. Kxf5 Ne7+ 49. Kg4 Ke6 50. Kh5 Ng8 51. g4 Kf6 52. g5+ hxg5 53. fxg5+ Kg7 54. Kg4 Nf6+ 55. Kf5 Nh5 56. Kg4 Nf6+ 57. gxf6+ Kxf6 58. h5 Kg7 59. Kg5 Kh7 60. h6 Kh8 61. Kg6 Kg8 62. h7+ Kh8 63. Kh6 1/2-1/2

[Event "Cappelle Online Blitz op"]
[Site "Europe Echecs INT"]
[Date "2022.01.09"]
[Round "5"]
[White "Vilela de Acuna, Jose Luis"]
[Black "Vakhidov, Jahongir"]
[Result "0-1"]
[WhiteElo "2329"]
[BlackElo "2552"]
[PlyCount "70"]
[EventDate "2022.01.09"]
[EventType "swiss (blitz)"]
[EventRounds "11"]
[EventCountry "FRA"]
[SourceTitle "EXT 2023"]
[Source "ChessBase"]
[SourceDate "2022.10.05"]
[SourceVersion "1"]
[SourceVersionDate "2022.10.05"]
[SourceQuality "1"]

1. d4 Nf6 2. Nf3 g6 3. Bg5 Bg7 4. Nbd2 0-0 5. c3 d6 6. e4 c5 7. d5 h6 8. Bh4 e6 9. dxe6 Bxe6 10. Bc4 Bxc4 11. Bxf6 Qxf6 12. Nxc4 Qe6 13. Qd5 Qxd5 14. exd5 Rd8 15. a4 Na6 16. 0-0 Nc7 17. Rfd1 b6 18. Ne1 Rab8 19. Nc2 a6 20. N2e3 f5 21. f4 Bf8 22. Kf2 Re8 23. Kf3 Re4 24. g4 Rbe8 25. gxf5 b5 26. axb5 axb5 27. fxg6 bxc4 28. Nf5 Re2 29. Ra7 Nb5 30. Rb7 Rxb2 31. g7 Nd4+ 32. cxd4 Rxb7 33. gxf8Q+ Rxf8 34. Nxd6 Rb3+ 35. Kg4 Rd3 0-1

[Event "Paramaribo Srefidensi 3rd"]
[Site "Paramaribo"]
[Date "2015.11.23"]
[Round "6"]
[White "Harper, Ryan"]
[Black "Vilela de Acuna, Jose Luis"]
[Result "1-0"]
[WhiteElo "2218"]
[BlackElo "2343"]
[PlyCount "45"]
[EventDate "2015.11.20"]
[EventType "swiss"]
[EventRounds "9"]
[EventCountry "SUR"]
[SourceTitle "CBM 169 Extra"]
[Source "ChessBase"]
[SourceDate "2015.12.18"]
[SourceVersion "1"]
[SourceVersionDate "2015.12.18"]
[SourceQuality "1"]

1. e4 c6 2. d4 d5 3. Nc3 dxe4 4. Nxe4 Bf5 5. Ng3 Bg6 6. h4 h6 7. Nf3 Nd7 8. h5 Bh7 9. Bd3 Bxd3 10. Qxd3 e6 11. Bd2 Ngf6 12. 0-0-0 Be7 13. Kb1 Qb6 14. c4 0-0 15. Ne4 c5 16. g4 Nxg4 17. Qe2 f5 18. dxc5 Nxc5 19. Nxc5 Bxc5 20. Bc3 Qc6 21. Rhg1 Bxf2 22. Ne5 Nxe5 23. Qxe5 1-0

[Event "Paramaribo Srefidensi 3rd"]
[Site "Paramaribo"]
[Date "2015.11.22"]
[Round "5"]
[White "Vilela de Acuna, Jose Luis"]
[Black "Szabo, Gergely Andras"]
[Result "0-1"]
[WhiteElo "2343"]
[BlackElo "2562"]
[PlyCount "66"]
[EventDate "2015.11.20"]
[EventType "swiss"]
[EventRounds "9"]
[EventCountry "SUR"]
[SourceTitle "CBM 169 Extra"]
[Source "ChessBase"]
[SourceDate "2015.12.18"]
[SourceVersion "1"]
[SourceVersionDate "2015.12.18"]
[SourceQuality "1"]

1. d4 e6 2. Nf3 c5 3. c3 d5 4. e3 Nf6 5. Nbd2 Nc6 6. Bd3 Bd6 7. dxc5 Bxc5 8. 0-0 0-0 9. e4 Qc7 10. Qe2 b6 11. h3 Nh5 12. Nb3 Ng3 13. Qe1 Nxf1 14. Nxc5 bxc5 15. Qxf1 Ne5 16. Nxe5 Qxe5 17. f4 Qc7 18. e5 Qb6 19. Be3 d4 20. cxd4 cxd4 21. Bf2 a5 22. Qd1 Ba6 23. Be4 Bb7 24. Bxd4 Qb5 25. a4 Qb4 26. Bxb7 Rad8 27. Qf3 Rxd4 28. Rf1 Qxb2 29. Bc6 g6 30. Bb5 Rc8 31. Kh2 Rc2 32. Qa8+ Kg7 33. Bc6 Rxf4 0-1

[Event "Paramaribo Srefidensi 2nd"]
[Site "Paramaribo"]
[Date "2014.11.21"]
[Round "2"]
[White "Greenfeld, Alon"]
[Black "Vilela de Acuna, Jose Luis"]
[Result "1/2-1/2"]
[WhiteElo "2536"]
[BlackElo "2328"]
[PlyCount "61"]
[EventDate "2014.11.20"]
[EventType "swiss"]
[EventRounds "9"]
[EventCountry "SUR"]
[SourceTitle "CBM 163 Extra"]
[Source "ChessBase"]
[SourceDate "2014.12.23"]
[SourceVersion "1"]
[SourceVersionDate "2014.12.23"]
[SourceQuality "1"]

1. c4 c5 2. Nf3 Nc6 3. Nc3 g6 4. e3 Nf6 5. d4 cxd4 6. exd4 d5 7. cxd5 Nxd5 8. Qb3 Nxc3 9. Bc4 Nd5 10. Bxd5 e6 11. Bxc6+ bxc6 12. 0-0 Qd5 13. Bg5 Qxb3 14. axb3 Bg7 15. Rfc1 0-0 16. Be7 Re8 17. Bc5 Bb7 18. Rc4 Red8 19. h4 Rd5 20. Rxa7 Rxa7 21. Bxa7 h6 22. Bc5 Ba6 23. Rc3 Bb5 24. b4 g5 25. hxg5 hxg5 26. Re3 Kh7 27. Ne5 Bxe5 28. dxe5 Kg6 29. Kh2 Rd3 30. Re1 Kf5 31. Re3 1/2-1/2

[Event "Panama op 3rd"]
[Site "Panama City"]
[Date "2013.11.04"]
[Round "7"]
[White "Vilela de Acuna, Jose Luis"]
[Black "Gutierrez Herrera, Jose Antonio"]
[Result "1-0"]
[WhiteElo "2323"]
[BlackElo "2204"]
[PlyCount "67"]
[EventDate "2013.10.30"]
[EventType "swiss"]
[EventRounds "9"]
[EventCountry "PAN"]
[SourceTitle "EXT 2014"]
[Source "ChessBase"]
[SourceDate "2013.11.20"]
[SourceVersion "1"]
[SourceVersionDate "2013.11.20"]
[SourceQuality "1"]

1. d4 Nf6 2. Nf3 c5 3. d5 e6 4. c4 exd5 5. cxd5 d6 6. Nc3 g6 7. h3 Bg7 8. e4 0-0 9. Bd3 b6 10. 0-0 Ba6 11. Re1 Bxd3 12. Qxd3 Re8 13. Bf4 a6 14. a4 Ra7 15. Rab1 Nh5 16. Bh2 Rae7 17. g4 Nf6 18. Nd2 h5 19. Nc4 Rd7 20. g5 Nh7 21. h4 Qc7 22. Kg2 Nf8 23. Bf4 Red8 24. Qg3 Nh7 25. Rbd1 Bxc3 26. bxc3 b5 27. axb5 axb5 28. Na3 Qa5 29. c4 b4 30. Nb5 Qb6 31. e5 dxe5 32. Bxe5 Nc6 33. Bc7 Rxc7 34. Qxc7 1-0

[Event "Panama op 3rd"]
[Site "Panama City"]
[Date "2013.11.03"]
[Round "6"]
[White "Lorenzana, Wilson Estuardo"]
[Black "Vilela de Acuna, Jose Luis"]
[Result "1/2-1/2"]
[WhiteElo "2185"]
[BlackElo "2323"]
[PlyCount "54"]
[EventDate "2013.10.30"]
[EventType "swiss"]
[EventRounds "9"]
[EventCountry "PAN"]
[SourceTitle "EXT 2014"]
[Source "ChessBase"]
[SourceDate "2013.11.20"]
[SourceVersion "1"]
[SourceVersionDate "2013.11.20"]
[SourceQuality "1"]

1. e4 c5 2. Nf3 e6 3. d4 cxd4 4. Nxd4 a6 5. Bd3 Bc5 6. Nb3 Ba7 7. Qe2 Nc6 8. Nc3 d6 9. Be3 Nge7 10. 0-0-0 b5 11. Bxa7 Rxa7 12. Qe3 Rb7 13. f4 Qc7 14. Kb1 0-0 15. g4 b4 16. Ne2 a5 17. Rhg1 a4 18. Nbc1 Qa5 19. h4 Bd7 20. h5 Ra8 21. h6 g6 22. Qg3 f6 23. Qh4 Rf8 24. Qf2 Qb6 25. Qxb6 Rxb6 26. Bc4 Na5 27. Bd3 Nac6 1/2-1/2

[Event "Capablanca Memorial op-A 48th"]
[Site "Havana"]
[Date "2013.04.30"]
[Round "9"]
[White "Vilela de Acuna, Jose Luis"]
[Black "Marzo Arias, Valentin"]
[Result "1-0"]
[WhiteElo "2326"]
[BlackElo "2227"]
[PlyCount "63"]
[EventDate "2013.04.21"]
[EventType "swiss"]
[EventRounds "10"]
[EventCountry "CUB"]
[SourceTitle "CBM 154 Extra"]
[Source "ChessBase"]
[SourceDate "2013.06.25"]
[SourceVersion "2"]
[SourceVersionDate "2013.06.25"]
[SourceQuality "1"]

1. d4 g6 2. Nf3 Bg7 3. e4 d6 4. c3 Nf6 5. Nbd2 0-0 6. Be2 e5 7. dxe5 dxe5 8. 0-0 Nbd7 9. Qc2 Nh5 10. Nc4 Nf4 11. Bxf4 exf4 12. Qd2 g5 13. h3 Qe7 14. Qd5 h6 15. e5 Re8 16. Rfe1 Nf8 17. Rad1 c6 18. Qe4 f5 19. Qc2 g4 20. Nd4 Qg5 21. Bf1 gxh3 22. Nd6 hxg2 23. Bc4+ Be6 24. Nxe6 Nxe6 25. Qxf5 Qxf5 26. Nxf5 b5 27. Bb3 Kf8 28. Rd7 Ng5 29. Rxg7 Nf3+ 30. Kxg2 Nh4+ 31. Kh3 Nxf5 32. Rf7+ 1-0

[Event "Capablanca Memorial op-A 48th"]
[Site "Havana"]
[Date "2013.04.27"]
[Round "6"]
[White "Cruz de la Osa, Reider"]
[Black "Vilela de Acuna, Jose Luis"]
[Result "1-0"]
[WhiteElo "2223"]
[BlackElo "2326"]
[PlyCount "103"]
[EventDate "2013.04.21"]
[EventType "swiss"]
[EventRounds "10"]
[EventCountry "CUB"]
[SourceTitle "CBM 154 Extra"]
[Source "ChessBase"]
[SourceDate "2013.06.25"]
[SourceVersion "2"]
[SourceVersionDate "2013.06.25"]
[SourceQuality "1"]

1. e4 c6 2. c4 d5 3. exd5 cxd5 4. d4 Nf6 5. Nc3 e6 6. Nf3 Bb4 7. Bd3 dxc4 8. Bxc4 0-0 9. 0-0 b6 10. Qe2 Bb7 11. Bg5 Bxc3 12. bxc3 Nbd7 13. Bd3 Qc7 14. c4 Ng4 15. Be4 Bxe4 16. Qxe4 Ngf6 17. Qe2 h6 18. Bd2 Rac8 19. Rfc1 Rfe8 20. h3 Qc6 21. a4 Qe4 22. Qf1 Rc7 23. Ra3 Rec8 24. a5 Ne8 25. Bb4 Qf4 26. a6 Qf6 27. Qe2 Rc6 28. Rcc3 Qf5 29. Rab3 Qf6 30. Qe4 Qd8 31. Nd2 Nef6 32. Qf3 Nb8 33. Rd3 Nxa6 34. Ba3 Rxc4 35. Nxc4 Rxc4 36. Qb7 Qc8 37. Qxa7 Nd5 38. Bd6 Rc1+ 39. Kh2 Nac7 40. Rf3 Qe8 41. Qb7 Qc6 42. Qb8+ Ne8 43. Bg3 Qd7 44. Ra3 Rc8 45. Qa7 Qxa7 46. Rxa7 f6 47. Rb7 g5 48. Ra3 h5 49. Raa7 h4 50. Bb8 Rc2 51. Rd7 Rc8 52. Rab7 1-0

[Event "Capablanca Memorial op-A 48th"]
[Site "Havana"]
[Date "2013.04.21"]
[Round "1"]
[White "Vilela de Acuna, Jose Luis"]
[Black "Pachon Gutierrez, Adriana Paola"]
[Result "1-0"]
[WhiteElo "2326"]
[BlackElo "2055"]
[PlyCount "79"]
[EventDate "2013.04.21"]
[EventType "swiss"]
[EventRounds "10"]
[EventCountry "CUB"]
[SourceTitle "CBM 154 Extra"]
[Source "ChessBase"]
[SourceDate "2013.06.25"]
[SourceVersion "2"]
[SourceVersionDate "2013.06.25"]
[SourceQuality "1"]

1. d4 Nf6 2. Nf3 d5 3. c4 c6 4. cxd5 cxd5 5. Nc3 Nc6 6. Bf4 e6 7. e3 a6 8. Rc1 Be7 9. Bd3 0-0 10. 0-0 Nh5 11. Be5 f6 12. Bg3 Nxg3 13. hxg3 Kh8 14. Bb1 Qe8 15. Na4 Qh5 16. Nb6 Rb8 17. Nd2 Qh6 18. Nb3 Bd6 19. Re1 Bc7 20. Nxc8 Rfxc8 21. Nc5 Ba5 22. Re2 e5 23. Bf5 Rc7 24. Nb3 Re7 25. Rxc6 bxc6 26. Nxa5 Rbe8 27. Nxc6 Rc7 28. Rc2 exd4 29. Nxd4 Rxc2 30. Qxc2 g6 31. Qc6 Qf8 32. Be6 Rb8 33. b3 a5 34. Qxd5 a4 35. g4 Rd8 36. Qc4 axb3 37. axb3 Ra8 38. Qc3 Qh6 39. Bd5 Rd8 40. Ne6 1-0

[Event "Havana Province-ch 1st Cat"]
[Site "Havana"]
[Date "2010.10.20"]
[Round "2"]
[White "Morales Romero, Pedro"]
[Black "Vilela de Acuna, Jose Luis"]
[Result "1/2-1/2"]
[WhiteElo "2390"]
[BlackElo "2326"]
[PlyCount "34"]
[EventDate "2010.10.19"]
[EventType "tourn"]
[EventRounds "17"]
[EventCountry "CUB"]
[EventCategory "5"]
[SourceTitle "EXT 2019"]
[Source "ChessBase"]
[SourceDate "2018.10.10"]
[SourceVersion "1"]
[SourceVersionDate "2018.10.10"]
[SourceQuality "1"]

1. e4 c6 2. d4 d5 3. Nc3 dxe4 4. Nxe4 Bf5 5. Ng3 Bg6 6. Bc4 e6 7. N1e2 Bd6 8. h4 h6 9. Nf4 Bxf4 10. Bxf4 Nf6 11. h5 Bh7 12. Qe2 0-0 13. 0-0-0 Nbd7 14. Bd3 Qa5 15. Bxh7+ Kxh7 16. Kb1 Rfd8 17. c4 Rac8 1/2-1/2

[Event "Sabadell op 3rd"]
[Site "Sabadell"]
[Date "2010.09.05"]
[Round "5"]
[White "Zoler, Dan"]
[Black "Vilela de Acuna, Jose Luis"]
[Result "1/2-1/2"]
[WhiteElo "2509"]
[BlackElo "2326"]
[PlyCount "76"]
[EventDate "2010.09.01"]
[EventType "swiss"]
[EventRounds "9"]
[EventCountry "ESP"]
[SourceTitle "CBM 138 Extra"]
[Source "ChessBase"]
[SourceDate "2010.10.29"]
[SourceVersion "1"]
[SourceVersionDate "2010.10.29"]
[SourceQuality "1"]

1. d4 Nf6 2. c4 e6 3. Nf3 b6 4. g3 Ba6 5. b3 Bb4+ 6. Bd2 Be7 7. Bg2 c6 8. Bc3 d5 9. Ne5 Nfd7 10. Nxd7 Nxd7 11. Nd2 0-0 12. 0-0 f5 13. Bb2 Bd6 14. Rc1 Qe7 15. Rc2 Rac8 16. Qc1 Nf6 17. a3 Rfd8 18. Nf3 dxc4 19. bxc4 c5 20. d5 Ne4 21. dxe6 Bb7 22. Qa1 Rc7 23. Rd1 Qxe6 24. Rd3 Rcd7 25. Rc1 h6 26. Rcd1 Kh7 27. Qc1 Bc6 28. Qc2 Bc7 29. Nh4 Rxd3 30. exd3 Ng5 31. Qc3 Rd4 32. Re1 Qd7 33. Qc2 Bxg2 34. Bxd4 Qc6 35. Nxg2 Nf3+ 36. Kf1 Nxh2+ 37. Kg1 Nf3+ 38. Kf1 Nh2+ 1/2-1/2

[Event "Barbera del Valles op 33th"]
[Site "Barbera del Valles"]
[Date "2010.07.08"]
[Round "5"]
[White "Vilela de Acuna, Jose Luis"]
[Black "Munoz Pantoja, Miguel Angel"]
[Result "1/2-1/2"]
[WhiteElo "2329"]
[BlackElo "2494"]
[PlyCount "39"]
[EventDate "2010.07.04"]
[EventType "swiss"]
[EventRounds "9"]
[EventCountry "ESP"]
[SourceTitle "CBM 137 Extra"]
[Source "ChessBase"]
[SourceDate "2010.09.01"]
[SourceVersion "1"]
[SourceVersionDate "2010.09.01"]
[SourceQuality "1"]

1. Nf3 c5 2. c4 Nc6 3. d4 Nf6 4. Nc3 g6 5. g3 Bg7 6. Bg2 0-0 7. dxc5 Qa5 8. 0-0 Qxc5 9. b3 d6 10. h3 Rd8 11. Be3 Qa5 12. Bd2 Qb6 13. e4 e6 14. Re1 Bd7 15. Be3 Qa5 16. Bd2 Qb6 17. Be3 Qa5 18. Bd2 Qb6 19. Be3 Qa5 20. Bd2 1/2-1/2